Statistiques concernant Villes de la côte française sur une carte

Cliquez ici pour prendre le quiz!

Statistiques générales

  • Ce quiz a été pris 10 718 fois
    (5 012 depuis la dernière actualisation)
  • Le résultat moyen est 15 sur 27

Réponses sur la Carte

Les réponses sont colorées sur une échelle allant du rouge au vert en fonction du pourcentage des utilisateurs qui les ont devinées à leur premier essai. Vous pouvez retrouver ces pourcentages ci-dessous.
 

Statistiques - réponses

PopVille% Correct
873 kMarseille
98%
348 kNice
95%
140 kBrest
88%
73,8 kAjaccio
85%
166 kLe Havre
81%
48,8 kBastia
79%
86,8 kDunkerque
75%
78,5 kLa Rochelle
75%
180 kToulon
74%
73,3 kCannes
72%
67,4 kCalais
70%
47,3 kSaint-Malo
63%
57,8 kLorient
56%
77,8 kCherbourg-en-Cotentin
55%
72,1 kSaint-Nazaire
53%
54,4 kVannes
53%
44,2 kSaint-Brieuc
43%
56,4 kNarbonne
41%
75,1 kAntibes
40%
44,7 kSète
39%
40,9 kBoulogne-sur-Mer
37%
57,1 kFréjus
37%
55,1 kHyères
37%
48,4 kLes Sables-d'Olonne
32%
41,2 kAnglet
24%
62,8 kLa Seyne-sur-Mer
20%
52,6 kCagnes-sur-Mer
19%

Distribution des résultats

Percentile par nombre de réponses

% des personnes avec chaque résultat

Votre développement - résultats

Vous n’avez pas pris ce quiz depuis la dernière actualisation